Petrology : the study of igneous, sedimentary, and metamorphic rocks

Saved in:
Bibliographic Details
Main Author: Raymond, Loren A.
Format: Book
Language:Vietnamese
Published: McGraw-Hill 2002
Tags: Add Tag
No Tags, Be the first to tag this record!
Institutions: Mạng thư viện Đại học Đà Nẵng
LEADER 00649nam a2200253 4500
001 000021907
003 18355
005 20150424070423.0
008 150424s2002 viesd
020 |c 00 
041 0 |a vie 
082 1 4 |a 552  |b RA-L 
100 1 |a Raymond, Loren A. 
245 1 0 |a Petrology : the study of igneous, sedimentary, and metamorphic rocks  |c Loren A. Raymond 
260 |b McGraw-Hill  |c 2002 
300 |a tr.  |c cm. 
OWN |a LSP 
999 |a From the UDN01 
TYP |a Monograph 
TYP |a Printed language 
980 |a Mạng thư viện Đại học Đà Nẵng